| 000 | 00821nam a22002177a 4500 | ||
|---|---|---|---|
| 999 |
_c10891 _d10891 |
||
| 003 | AR-CdUCM | ||
| 008 | 190402b ||||| |||| 00| 0 spa d | ||
| 040 |
_aMUNICIPALIDAD PROVINCIAL DEL CUSCO _cBIBLIOTECA MUNICIPAL DEL CUSCO |
||
| 082 |
_a892.4 / _bC13 / 1939 |
||
| 245 |
_aBellezas del Talmud : _bantología hebráica / |
||
| 260 |
_aBuenos Aires : _bM. Gleizer, _c1939. |
||
| 300 |
_a221 páginas ; _c18.5 cm. |
||
| 440 |
_aBiblioteca de temas judíos _927949 |
||
| 505 | _aContenido: El sol y la luna -- La revelación -- Lo sobrenatural -- Demonología -- Principios y ejemplos de virtud religiosa ... | ||
| 650 |
_aVirtud religiosa _927950 |
||
| 650 |
_aDemonología _913843 |
||
| 650 |
_aSobrenatural _927951 |
||
| 700 |
_aCansinos Assens, Rafael (traducción) _927952 |
||
| 942 |
_2ddc _cLIBROS |
||
| 945 | _aacv | ||